000
00332 a2200157 4500
001
76073
020
_a
8508075545
040
_c
Anchieta - Colégio São Paulo
100
_a
Popov, Nikolai
240
1
0
_a
Por quê?
_l
por
245
1
0
_a
Por quê?
300
_a
[40]
362
0
_a
2000
650
4
_a
Literatura infantil
942
_c
BK
999
_c
76073
_d
76073